|
|
|
|
| LEADER |
01136nem a2200349 a 4500 |
| 001 |
000602619 |
| 003 |
CZ BrMZK |
| 005 |
20071004100041.0 |
| 007 |
a c |
| 008 |
020527s2002 xr aXX 1 cze d |
| 015 |
|
|
|a cnb001188479
|
| 020 |
|
|
|a 80-902861-5-1
|
| 034 |
1 |
|
|a a
|b 25000
|
| 040 |
|
|
|a BOA001
|b cze
|
| 043 |
|
|
|a e-xr---
|b e-xr-li
|2 czenas
|
| 072 |
|
7 |
|a 913(4)
|x Geografie Evropy, reálie, cestování
|2 Konspekt
|9 7
|
| 080 |
|
|
|a 796.51
|2 MRF
|
| 080 |
|
|
|a 913(437.316)
|2 MRF
|
| 080 |
|
|
|a 912.43:796.5
|2 MRF
|
| 080 |
|
|
|a (084.3)
|2 MRF
|
| 245 |
0 |
0 |
|a Ralsko
|h [kartografický dokument] :
|b turistická mapa
|
| 250 |
|
|
|a 1. vyd.
|
| 255 |
|
|
|a 1:25 000
|
| 260 |
|
|
|a Česká Lípa :
|b Geodézie On Line,
|c 2002
|
| 300 |
|
|
|a 1 l. ;
|c 61 x 97 cm složený na 21 x 13 cm
|
| 504 |
|
|
|a Obsahuje místopisný seznam
|
| 650 |
0 |
7 |
|a pěší turistika
|7 ph124864
|z Česko
|2 czenas
|
| 655 |
|
7 |
|a turistické mapy
|7 fd133737
|2 czenas
|
| 651 |
|
7 |
|a Ralsko (Česko)
|7 ge130620
|2 czenas
|
| 910 |
|
|
|a BOA001
|b Mp2-1103.632
|
| 990 |
|
|
|a MP
|
| 996 |
6 |
|
|b 2610162055
|c Mp2-1103.632
|l MZK
|r Sklad / do 1 hodiny
|n 0
|p p.v.
|w 000602619
|u 000010
|a 1
|e BOA001
|j MZK50
|s P
|